| 000 | 00493nam a2200193Ia 4500 | ||
|---|---|---|---|
| 005 | 20250603145030.0 | ||
| 008 | 250603s9999 xx 000 0 und d | ||
| 020 | _a9781568982496 | ||
| 050 | _aN 7431.5 .E44/ | ||
| 100 | _aKimberly Elam | ||
| 245 | 0 | _aGeometry of design : studies in proportion and composition | |
| 250 | _a2nd ed., rev. | ||
| 260 | _aNew York | ||
| 260 | _bPrinceton Architectural Press | ||
| 260 | _c2011 | ||
| 300 | _a107 p | ||
| 650 | _aNew York | ||
| 942 | _cBK | ||
| 999 |
_c40670 _d40670 |
||